Từ điển học sinh sinh viên

Saved in:
Bibliographic Details
Main Author: Vũ, Ngọc Khánh
Format: Book
Language:Undetermined
Published: Hà Nội Văn hoá Thông tin 2004
Subjects:
Tags: Add Tag
No Tags, Be the first to tag this record!
Institutions: Trung tâm Học liệu Trường Đại học Cần Thơ
LEADER 00560nam a2200205Ia 4500
001 CTU_63423
008 210402s9999 xx 000 0 und d
020 |b 280000 
082 |a 495.92203 
082 |b Kh107 
100 |a Vũ, Ngọc Khánh 
245 0 |a Từ điển học sinh sinh viên 
245 0 |c Vũ Ngọc Khánh 
260 |a Hà Nội 
260 |b Văn hoá Thông tin 
260 |c 2004 
650 |a Vietnamese language 
650 |x Dictionaries 
904 |i Minh 
980 |a Trung tâm Học liệu Trường Đại học Cần Thơ